<?xml version="1.0" encoding="UTF-8"?>
<record
    xmlns:xsi="http://www.w3.org/2001/XMLSchema-instance"
    xsi:schemaLocation="http://www.loc.gov/MARC21/slim http://www.loc.gov/standards/marcxml/schema/MARC21slim.xsd"
    xmlns="http://www.loc.gov/MARC21/slim">

  <leader>01477nam a2200265 i 4500</leader>
  <controlfield tag="001">185277</controlfield>
  <controlfield tag="003">ES-MaACL</controlfield>
  <controlfield tag="005">20250905144018.0</controlfield>
  <controlfield tag="008">160505s2014    sp agm       |||| |dspa d</controlfield>
  <datafield tag="020" ind1=" " ind2=" ">
    <subfield code="a">978-84-697-1838-4</subfield>
  </datafield>
  <datafield tag="080" ind1=" " ind2=" ">
    <subfield code="a">821.134.2-1(082.2)</subfield>
  </datafield>
  <datafield tag="245" ind1="0" ind2="3">
    <subfield code="a">La luz de la palabra / </subfield>
    <subfield code="c">Manantial Folk ; [direcci&#xF3;n y coordinaci&#xF3;n literaria, Jos&#xE9; Mar&#xED;a Mu&#xF1;oz Quir&#xF3;s ; ilustraciones, Miguel El&#xED;as].</subfield>
  </datafield>
  <datafield tag="260" ind1=" " ind2=" ">
    <subfield code="a">[Madrid] : </subfield>
    <subfield code="b">Manantial Folk, </subfield>
    <subfield code="c">[2014]</subfield>
  </datafield>
  <datafield tag="300" ind1=" " ind2=" ">
    <subfield code="a">[46] p. : </subfield>
    <subfield code="b">il. col., m&#xFA;sica ; </subfield>
    <subfield code="c">19 cm + </subfield>
    <subfield code="e">1 CD.</subfield>
  </datafield>
  <datafield tag="505" ind1="8" ind2=" ">
    <subfield code="a">Contiene: ; </subfield>
    <subfield code="t">Vivo sin vivir en m&#xED; / </subfield>
    <subfield code="r">Santa Teresa de Jes&#xFA;s. --</subfield>
    <subfield code="t">Los amores del agua / </subfield>
    <subfield code="r">Jos&#xE9; Pulido. -- </subfield>
    <subfield code="t">Del l&#xED;mite en el amor / </subfield>
    <subfield code="r">Clara Jan&#xE9;s. -- </subfield>
    <subfield code="t">Llama oscura / </subfield>
    <subfield code="r">Jos&#xE9; Mar&#xED;a Mu&#xF1;oz Quir&#xF3;s. -- </subfield>
    <subfield code="t">&#xC1;rbol de Santa Teresa / </subfield>
    <subfield code="r">Carlos Aganzo. -- </subfield>
    <subfield code="t">Sefarad / </subfield>
    <subfield code="r">Santiago Castelo. -- </subfield>
    <subfield code="t">El rumor de la llama / </subfield>
    <subfield code="r">Antonio Colinas. -- </subfield>
    <subfield code="t">Nieve / </subfield>
    <subfield code="r">Rafael Morales. -- </subfield>
    <subfield code="t">Gorri&#xF3;n / </subfield>
    <subfield code="r">Claudio Rodr&#xED;guez. -- </subfield>
    <subfield code="t">&#xA1;Oh hermosura que exced&#xE9;is! / </subfield>
    <subfield code="r">Santa Teresa de Jes&#xFA;s</subfield>
  </datafield>
  <datafield tag="600" ind1="0" ind2="0">
    <subfield code="a">Teresa de Jes&#xFA;s,</subfield>
    <subfield code="c">Santa,</subfield>
    <subfield code="d">1515-1582</subfield>
    <subfield code="9">226510</subfield>
  </datafield>
  <datafield tag="700" ind1="1" ind2=" ">
    <subfield code="a">Mu&#xF1;oz Quir&#xF3;s, Jos&#xE9; Mar&#xED;a.</subfield>
    <subfield code="9">84480</subfield>
  </datafield>
  <datafield tag="700" ind1="1" ind2=" ">
    <subfield code="a">S&#xE1;nchez S&#xE1;nchez, Miguel El&#xED;as, </subfield>
    <subfield code="d">1963-</subfield>
    <subfield code="9">159493</subfield>
  </datafield>
  <datafield tag="700" ind1="0" ind2=" ">
    <subfield code="a">Teresa de Jes&#xFA;s,</subfield>
    <subfield code="c">Santa,</subfield>
    <subfield code="d">1515-1582</subfield>
    <subfield code="9">226510</subfield>
  </datafield>
  <datafield tag="710" ind1="2" ind2=" ">
    <subfield code="a">Manantial Folk (Grupo musical)</subfield>
    <subfield code="9">159492</subfield>
  </datafield>
  <datafield tag="852" ind1=" " ind2=" ">
    <subfield code="a">ES-MaACL</subfield>
    <subfield code="j">A-13729 </subfield>
    <subfield code="9">192299</subfield>
    <subfield code="b">R.150872</subfield>
    <subfield code="c">DEPO1</subfield>
    <subfield code="d">Olim: N-6729</subfield>
  </datafield>
  <datafield tag="852" ind1=" " ind2=" ">
    <subfield code="a">ES-MaACL</subfield>
    <subfield code="j">ROT 2/7/8 (CD)</subfield>
  </datafield>
  <datafield tag="942" ind1=" " ind2=" ">
    <subfield code="2">udc</subfield>
    <subfield code="c">MONOGRAFIA</subfield>
  </datafield>
  <datafield tag="999" ind1=" " ind2=" ">
    <subfield code="c">185277</subfield>
    <subfield code="d">185277</subfield>
  </datafield>
  <datafield tag="952" ind1=" " ind2=" ">
    <subfield code="0">0</subfield>
    <subfield code="1">0</subfield>
    <subfield code="2">udc</subfield>
    <subfield code="4">0</subfield>
    <subfield code="7">0</subfield>
    <subfield code="a">ATENEOM</subfield>
    <subfield code="b">ATENEOM</subfield>
    <subfield code="c">DEPO1</subfield>
    <subfield code="d">2016-05-05</subfield>
    <subfield code="e">DONACION</subfield>
    <subfield code="l">0</subfield>
    <subfield code="o">A-13729</subfield>
    <subfield code="p">1195203</subfield>
    <subfield code="r">2023-02-23 00:00:00</subfield>
    <subfield code="w">2023-02-23</subfield>
    <subfield code="y">MONOGRAFIA</subfield>
  </datafield>
  <datafield tag="952" ind1=" " ind2=" ">
    <subfield code="0">0</subfield>
    <subfield code="1">0</subfield>
    <subfield code="4">0</subfield>
    <subfield code="7">0</subfield>
    <subfield code="a">ATENEOM</subfield>
    <subfield code="b">ATENEOM</subfield>
    <subfield code="c">DEPO</subfield>
    <subfield code="d">2016-12-20</subfield>
    <subfield code="e">DON</subfield>
    <subfield code="l">0</subfield>
    <subfield code="o">ROT 2/7/8</subfield>
    <subfield code="p">1196852</subfield>
    <subfield code="r">2023-02-23 00:00:00</subfield>
    <subfield code="w">2023-02-23</subfield>
    <subfield code="y">MONOGRAFIA</subfield>
  </datafield>
</record>
